000 00641nam a2200181Ia 4500
008 151018s9999 xx 000 0 und d
082 _bRBASDV5336
_a891.463
100 _aकमला फडके
245 _aजेव्हा रान वारा शिळ घालतो
250 _b1
260 _bबेहरे पु.वि.
_c1962
300 _a127
600 _aकमला फडके
630 _aजेव्हा रान वारा शिळ घालतो
700 _aकमला फडके
730 _aजेव्हा रान वारा शिळ घालतो
942 _cBOOK
999 _c1007719
_d1007716